載入...

Rainfed agriculture in Asia

書目詳細資料
主要作者: APO
格式: Printed Book
出版: Asian Productivity Organization: Japan 1997
主題:
LEADER 00614nam a2200193 4500
020 |a 928332207x 
082 |a 658.5 APO-R 
100 |a APO 
245 |a Rainfed agriculture in Asia  |c APO 
250
260 |a Asian Productivity Organization: Japan  |c 1997 
300 |a 374 p 
490
500 |a Report of an APO study meeting 23-30 July 1996 Kathmandu, Nepal 
590 |b Gift 
650 |a Production and operations management--Product management 
942 |c BK 
999 |c 137233  |d 137233 
952 |0 0  |1 0  |4 0  |6 658_500000000000000_APOR  |7 0  |9 150693  |a IMK  |b IMK  |l 0  |o 658.5 APO-R  |p IMK04239  |r 2019-10-25  |w 2019-10-25  |y BK